000 01490cam a2200253 4500
001 ABS62597
008 000000n2000 000 0 eng u
035 _a(Sirsi) u107663
245 _aWildtree Hotels Ltd and others v Harrow LBC
260 _c2000
490 _aRating & Valuation Reporter
_v[2000] 40(6) RVR 235-242(8)
520 _aHL 22 June 2000. The claimants W, owners of a hotel in Harrow, sought compensation under the Compulsory Purchase Act 1965 s10 for noise, dust and vibration created by erection of hoardings, and restricted access to and from the public highway, all of which affected business. On appeal by W the CA considered whether the LT were right to decided that compensation was not payable where an interference to some legal right was not a direct interference to land or a right appurtenant to land. The CA decided that the LT had erred in deciding that compensation was payable when the interference was temporary. 'Held' the appeal was allowed to the extent of the question of temporary interference, but otherwise it was dismissed.
590 _aABS
650 _aACCESS
650 _aCOMPENSATION
650 _aCOMPULSORY PURCHASE ACT 1965 S10
650 _aHOARDINGS
650 _aINJURIOUS AFFECTION
650 _aLOSS IN VALUE
650 _aWILDTREE HOTELS LTD AND OTHERS V HARROW LBC
650 _aROAD WORKS
690 _aENVIRONMENTAL AND LAND CONSULTANCY-PLANNING AND DEVELOPMENT-COMPULSORY PURCHASE AND COMPENSATION
942 _n0
999 _c64320
_d64320